[Event "15th 4NCL Congress"]
[Site "Doncaster"]
[Date "2017.09.10"]
[Round "5.1"]
[White "Wells, Peter K"]
[Black "Moreby, James E"]
[Result "1-0"]
[WhiteElo "2433"]
[BlackElo "2149"]
[PlyCount "117"]
[EventDate "2017.09.08"]

1. d4 Nf6 2. c4 e6 3. Nf3 b6 4. g3 Ba6 5. b3 Bb4+ 6. Bd2 Bxd2+ 7. Qxd2 c6 8.
Bg2 d5 9. O-O O-O 10. Rc1 Nbd7 11. Qb2 Qe7 12. Nc3 Rac8 13. Nd2 Rfd8 14. e3 Bb7
15. b4 dxc4 16. Nxc4 e5 17. Ne2 exd4 18. Nxd4 g6 19. b5 Nb8 20. bxc6 Nxc6 21.
Nxb6 axb6 22. Bxc6 Rxd4 23. Bxb7 Rxc1+ 24. Rxc1 Rd6 25. Bf3 Qd8 26. a4 Nd7 27.
Qc3 Nc5 28. a5 Nd3 29. Ra1 bxa5 30. Rxa5 Qf6 31. Ra8+ Kg7 32. Qa1 Qxa1+ 33.
Rxa1 Ne5 34. Be2 Nd7 35. Ra7 Nf6 36. Kg2 Rd7 37. Ra4 Rd2 38. Bf3 h5 39. h3 Nd7
40. Ra5 Rd6 41. g4 hxg4 42. hxg4 Kf6 43. g5+ Kg7 44. Kg3 Re6 45. Kf4 Rb6 46.
Ra7 Rb4+ 47. Kg3 Ne5 48. Bd5 Rg4+ 49. Kh3 Rxg5 50. f4 Rh5+ 51. Kg3 Nd3 52. Bxf7
Nc5 53. Bc4+ Kh6 54. Re7 Rf5 55. Bg8 g5 56. Kg4 Kg6 57. Rc7 Rf8 58. Bh7+ Kh6
59. fxg5# 1-0

[Event "15th 4NCL Congress"]
[Site "Doncaster"]
[Date "2017.09.10"]
[Round "5.2"]
[White "Britton, Richard L"]
[Black "Merry, Alan B"]
[Result "0-1"]
[WhiteElo "2219"]
[BlackElo "2423"]
[PlyCount "50"]
[EventDate "2017.09.08"]

1. e4 e6 2. d3 d5 3. Nd2 g6 4. Ngf3 Bg7 5. g3 Ne7 6. Bg2 c5 7. O-O Nbc6 8. Re1
b6 9. e5 Qc7 10. Qe2 h6 11. h4 O-O 12. Nf1 f6 13. exf6 Rxf6 14. Ne3 e5 15. Nh2
Rd6 16. a3 Be6 17. Bd2 Rf8 18. Rad1 Nd4 19. Qf1 Nef5 20. Nxf5 Bxf5 21. Rc1 Qd7
22. Be3 Qb5 23. Bxd5+ Rxd5 24. c4 Qd7 25. cxd5 Bh3 0-1

[Event "15th 4NCL Congress"]
[Site "Doncaster"]
[Date "2017.09.10"]
[Round "5.3"]
[White "Adair, James R"]
[Black "Whitfield, Craig M"]
[Result "1-0"]
[WhiteElo "2485"]
[BlackElo "2054"]
[PlyCount "39"]
[EventDate "2017.09.08"]

1. e4 g6 2. d4 Bg7 3. Nc3 d6 4. Be3 a6 5. Qd2 Nd7 6. O-O-O b5 7. h4 h5 8. Nh3
Bb7 9. Ng5 Nh6 10. f3 c5 11. dxc5 dxc5 12. Nd5 Bc6 13. g3 e6 14. Nf4 Qf6 15. c3
O-O-O 16. Qd6 Kb7 17. Nfxe6 fxe6 18. Nxe6 Qe5 19. Nxd8+ Rxd8 20. Qxe5 1-0

[Event "15th 4NCL Congress"]
[Site "Doncaster"]
[Date "2017.09.10"]
[Round "5.4"]
[White "Starley, Robert"]
[Black "Hebden, Mark L"]
[Result "0-1"]
[WhiteElo "2054"]
[BlackElo "2477"]
[PlyCount "126"]
[EventDate "2017.09.08"]

1. e4 e5 2. Nf3 Nc6 3. Bb5 a6 4. Bxc6 dxc6 5. O-O Bd6 6. d4 exd4 7. Qxd4 f6 8.
Be3 Ne7 9. Nbd2 Be6 10. Rad1 Ng6 11. Nc4 Bxc4 12. Qxc4 Qe7 13. Rfe1 O-O-O 14.
a4 Rhe8 15. Bd4 Qe6 16. Qc3 Qg4 17. h3 Qh5 18. Nd2 Nf4 19. Qf3 Qxf3 20. Nxf3
Bb4 21. c3 Bf8 22. b4 a5 23. g3 Nxh3+ 24. Kg2 Ng5 25. Nxg5 fxg5 26. bxa5 c5 27.
Be3 Rxd1 28. Rxd1 Rxe4 29. Bxg5 Bd6 30. Ra1 Kb8 31. Kf3 Rc4 32. Ra3 Ka7 33. Ke3
Ka6 34. Bd8 Kxa5 35. Rb3 b6 36. Kd3 Rxa4 37. c4 Ka6 38. g4 Kb7 39. f3 Kc6 40.
Bg5 Kd7 41. Bd2 Ke6 42. Bc3 Be5 43. Bd2 g6 44. Be3 Bd6 45. Bd2 h5 46. gxh5 gxh5
47. Rb1 Bg3 48. Rh1 h4 49. Bg5 Ra3+ 50. Ke2 Ra8 51. Bxh4 Rh8 52. Bxg3 Rxh1 53.
Bxc7 Rb1 54. Kd3 Rb3+ 55. Ke4 Rc3 56. Bxb6 Rxc4+ 57. Kd3 Kd5 58. Ba5 Rd4+ 59.
Ke3 c4 60. Bb6 Rd3+ 61. Ke2 Rb3 62. Ba7 Rb2+ 63. Ke3 Rb7 0-1

[Event "15th 4NCL Congress"]
[Site "Doncaster"]
[Date "2017.09.10"]
[Round "5.5"]
[White "Surtees, Mike J"]
[Black "Jarmany, John"]
[Result "0-1"]
[WhiteElo "2107"]
[BlackElo "2119"]
[PlyCount "98"]
[EventDate "2017.09.08"]

1. e4 c6 2. Ne2 d5 3. e5 Bf5 4. Ng3 Bg6 5. h4 h6 6. h5 Bh7 7. e6 Qd6 8. exf7+
Kxf7 9. d4 e5 10. c3 Nd7 11. Be2 Ngf6 12. O-O Be7 13. f4 exd4 14. cxd4 Ne4 15.
Nxe4 Bxe4 16. Nc3 Nf6 17. Nxe4 Nxe4 18. Bd3 Rhe8 19. Bxe4 dxe4 20. Be3 Qd5 21.
Qg4 Rad8 22. b3 Bf6 23. Rad1 Kf8 24. Qe2 Qf7 25. g4 Rd5 26. Rf2 Red8 27. Qc2
Qd7 28. f5 Bxd4 29. Bxd4 Rxd4 30. Re1 Qd6 31. Re3 Rd3 32. Rfe2 Rd1+ 33. Kg2 Rd3
34. Qc4 Rxe3 35. Rxe3 Qf4 36. Qc5+ Kg8 37. Qc4+ Kh8 38. Qe2 Rd4 39. Kh3 c5 40.
a3 b5 41. Rg3 c4 42. bxc4 bxc4 43. Qe1 Rd3 44. Rxd3 cxd3 45. Qb4 d2 46. Qf8+
Kh7 47. Qf7 Qd6 48. f6 Qxf6 49. Qe8 d1=Q 0-1

[Event "15th 4NCL Congress"]
[Site "Doncaster"]
[Date "2017.09.10"]
[Round "5.6"]
[White "Burnett, Jim"]
[Black "Ackley, Peter Je"]
[Result "1/2-1/2"]
[WhiteElo "2103"]
[BlackElo "1984"]
[PlyCount "45"]
[EventDate "2017.09.08"]

1. d4 g6 2. Nf3 Bg7 3. c4 f5 4. g3 Nf6 5. Bg2 O-O 6. Nc3 d6 7. b3 a5 8. Bb2 Na6
9. O-O Qe8 10. d5 Bd7 11. Nd4 c6 12. e3 Nc7 13. Rc1 c5 14. Nf3 b5 15. Nd2 Qf7
16. a4 b4 17. Ne2 g5 18. Qc2 Qh5 19. f3 Rf7 20. Rce1 Raf8 21. Nc1 Nce8 22. Nd3
Qg6 23. f4 1/2-1/2

[Event "15th 4NCL Congress"]
[Site "Doncaster"]
[Date "2017.09.10"]
[Round "5.7"]
[White "Milson, Samuel A"]
[Black "Dargan, Paul Ag"]
[Result "1-0"]
[WhiteElo "2105"]
[BlackElo "2104"]
[PlyCount "85"]
[EventDate "2017.09.08"]

1. e4 c5 2. Nf3 Nc6 3. d4 cxd4 4. Nxd4 g6 5. c4 Nf6 6. Nc3 Bg7 7. Nc2 O-O 8.
Be2 d6 9. O-O Be6 10. f4 Rc8 11. Ne3 Na5 12. Qa4 Bd7 13. Qc2 Qb6 14. Kh1 Be6
15. Ned5 Qd8 16. Qa4 Bd7 17. Qb4 b6 18. Nxf6+ Bxf6 19. Nd5 Bg7 20. Bd2 Nc6 21.
Qa3 Nd4 22. Bd3 a5 23. Bc3 e6 24. Ne3 Bc6 25. Rad1 Bb7 26. Bb1 e5 27. fxe5 dxe5
28. b4 Qh4 29. Be1 Qg5 30. bxa5 bxa5 31. Qc1 Kh8 32. Bxa5 Bh6 33. Bd2 Qh4 34.
Be1 Qg5 35. Bf2 f5 36. Qc3 fxe4 37. Bg1 Ne2 38. Qb2 Qh5 39. g4 Qh3 40. Qxe2 Rf3
41. Nd5 Qxg4 42. Bxe4 Rxf1 43. Qxg4 1-0

[Event "15th 4NCL Congress"]
[Site "Doncaster"]
[Date "2017.09.10"]
[Round "5.8"]
[White "Yoon, Jacob D"]
[Black "Gardiner, Eric D"]
[Result "1-0"]
[WhiteElo "1843"]
[BlackElo "1955"]
[PlyCount "71"]
[EventDate "2017.09.08"]

1. e4 e6 2. d4 d5 3. Nd2 Be7 4. Bd3 c5 5. c3 Nc6 6. Ngf3 Nf6 7. e5 Nd7 8. O-O
g5 9. h3 h5 10. Re1 cxd4 11. cxd4 g4 12. hxg4 hxg4 13. Nh2 g3 14. fxg3 Qb6 15.
Ndf3 Nxd4 16. Be3 Bc5 17. Qd2 Nxf3+ 18. Nxf3 Bxe3+ 19. Rxe3 Nc5 20. Bc2 Bd7 21.
b4 Na6 22. Rb1 O-O-O 23. a4 Rh5 24. b5 Nc7 25. a5 Qc5 26. b6 Nb5 27. Bg6 fxg6
28. Rc1 axb6 29. axb6 Qxc1+ 30. Qxc1+ Bc6 31. g4 Rh6 32. Rb3 Rdh8 33. Kf2 Kb8
34. Qc5 Rc8 35. Rxb5 Bxb5 36. Qxb5 1-0

[Event "15th 4NCL Congress"]
[Site "Doncaster"]
[Date "2017.09.10"]
[Round "5.9"]
[White "Moore, Gerald"]
[Black "Mitra, Roman C"]
[Result "1-0"]
[WhiteElo "2063"]
[BlackElo "2117"]
[PlyCount "67"]
[EventDate "2017.09.08"]

1. Nf3 d5 2. c4 e6 3. g3 Nf6 4. Bg2 Be7 5. O-O c6 6. d4 O-O 7. Qc2 Nbd7 8. Nbd2
b6 9. e4 Bb7 10. e5 Ne8 11. cxd5 cxd5 12. Re1 Rc8 13. Qa4 a5 14. Nf1 Ba6 15.
Ne3 b5 16. Qd1 Nc7 17. h4 b4 18. Ng4 Nb5 19. Bg5 Re8 20. Bf1 Nf8 21. Qd2 a4 22.
Rac1 Qa5 23. Rxc8 Bxc8 24. Nh6+ gxh6 25. Bf6 Ng6 26. h5 Bf8 27. hxg6 hxg6 28.
Bd3 Bd7 29. Kg2 Rc8 30. Rh1 Kh7 31. Qxh6+ Bxh6 32. Ng5+ Kg8 33. Rxh6 Nxd4 34.
Rh8# 1-0

[Event "15th 4NCL Congress"]
[Site "Doncaster"]
[Date "2017.09.10"]
[Round "5.10"]
[White "Prior, Stephen Cv"]
[Black "Okhai, Shabir"]
[Result "1/2-1/2"]
[WhiteElo "2060"]
[BlackElo "2111"]
[PlyCount "176"]
[EventDate "2017.09.08"]

1. d4 Nf6 2. Bf4 d5 3. e3 e6 4. Nf3 c5 5. c3 Nc6 6. Nbd2 cxd4 7. exd4 Nh5 8.
Be3 Bd6 9. Ne5 g6 10. Be2 Ng7 11. Ndf3 Qc7 12. O-O Nf5 13. Bb5 f6 14. Nd3 Bd7
15. Nc5 Bxc5 16. dxc5 Nxe3 17. fxe3 O-O 18. b4 Rad8 19. Bd3 Ne5 20. Rc1 Ng4 21.
Qe2 f5 22. h3 Nf6 23. Qf2 b6 24. cxb6 Qxb6 25. Ne5 Qb8 26. Qf4 Bb5 27. Bxb5
Qxb5 28. a4 Qb7 29. b5 Rc8 30. c4 dxc4 31. Rxc4 Nd5 32. Qd4 Rxc4 33. Nxc4 Qg7
34. Ne5 Rc8 35. Nc6 Qxd4 36. exd4 a6 37. Rb1 axb5 38. axb5 Rc7 39. Nd8 Rd7 40.
Nxe6 Rd6 41. Nc5 Nc3 42. Rb2 Rb6 43. Nd7 Rxb5 44. Rxb5 Nxb5 45. d5 Kf7 46. Kf2
Ke7 47. Nb6 Kd6 48. Ke3 g5 49. Kf3 Nc3 50. h4 h6 51. hxg5 hxg5 52. Nc4+ Kxd5
53. Ne3+ Ke5 54. Nc4+ Kf6 55. g3 Nd5 56. Nb2 Ke6 57. Nd3 Nf6 58. Nb4 Ng4 59.
Nc2 Ne5+ 60. Ke3 Nc4+ 61. Kf3 Ke5 62. Nb4 g4+ 63. Kf2 Ke4 64. Nc2 Nd6 65. Ne3
Kd3 66. Nd5 Ne4+ 67. Kg2 Ng5 68. Nf4+ Ke4 69. Nh5 Ne6 70. Nf6+ Ke3 71. Nd5+ Ke2
72. Nc3+ Ke1 73. Nd5 Nd4 74. Nf4 Nc2 75. Nd3+ Ke2 76. Nf4+ Ke3 77. Nd5+ Kd4 78.
Nf4 Ne1+ 79. Kf1 Nd3 80. Ne6+ Ke3 81. Ng7 Ke4 82. Ke2 f4 83. gxf4 g3 84. Kf1
Kf3 85. Nf5 g2+ 86. Kg1 Nxf4 87. Nh4+ Kg3 88. Nxg2 Nxg2 1/2-1/2

[Event "15th 4NCL Congress"]
[Site "Doncaster"]
[Date "2017.09.10"]
[Round "5.11"]
[White "Shaw, Peter"]
[Black "Head, Louise"]
[Result "0-1"]
[WhiteElo "2111"]
[BlackElo "2060"]
[PlyCount "78"]
[EventDate "2017.09.08"]

1. d4 d5 2. c4 dxc4 3. Nf3 c5 4. e3 cxd4 5. exd4 Be6 6. Na3 Nf6 7. Nxc4 Nc6 8.
Nce5 Bd5 9. Nxc6 bxc6 10. Be2 e6 11. O-O Bd6 12. Bg5 Qb6 13. Ne5 Bxe5 14. dxe5
Nd7 15. Qd2 Nxe5 16. Qc3 f6 17. Bh5+ Kd7 18. Qg3 Qc7 19. Bf4 g5 20. Bxe5 Qxe5
21. Qxe5 fxe5 22. Rfe1 e4 23. b3 a5 24. Rad1 Kc7 25. Rd4 c5 26. Ra4 Rhb8 27.
Rc1 Kd6 28. Kf1 Bc6 29. Ra3 Rb4 30. Be2 Bd5 31. Ke1 Kc6 32. Kd2 Kb6 33. Ke3 Rd4
34. Ra4 e5 35. Rc2 Rd8 36. Bc4 Bc6 37. Ra3 Rd1 38. Be2 Re1 39. Rd2 Rd3+ 0-1

[Event "15th 4NCL Congress"]
[Site "Doncaster"]
[Date "2017.09.10"]
[Round "5.12"]
[White "Burke, Mitchell R"]
[Black "Murphy, Hugh W"]
[Result "0-1"]
[WhiteElo "2012"]
[BlackElo "2109"]
[PlyCount "38"]
[EventDate "2017.09.08"]

1. e4 c6 2. d4 d5 3. exd5 cxd5 4. c4 Nf6 5. Nc3 Nc6 6. Nf3 g6 7. cxd5 Nxd5 8.
Qb3 e6 9. Bb5 Bg7 10. Bg5 Qa5 11. Bd2 Qb6 12. Nxd5 exd5 13. Ne5 O-O 14. Bxc6
Qxd4 15. Nxg6 hxg6 16. Bxd5 Bf5 17. Be3 Qxb2 18. Qxb2 Bxb2 19. Rd1 Bc2 0-1

[Event "15th 4NCL Congress"]
[Site "Doncaster"]
[Date "2017.09.10"]
[Round "5.15"]
[White "Fernandez, Michael H"]
[Black "Nicholson, Jim Wr"]
[Result "1-0"]
[WhiteElo "2236"]
[BlackElo "2020"]
[PlyCount "97"]
[EventDate "2017.09.08"]

1. c3 d5 2. d4 c6 3. Bf4 Bf5 4. Nf3 e6 5. Qb3 Qb6 6. Ne5 Nf6 7. h3 h6 8. Nd2
Nbd7 9. g4 Bh7 10. Bg2 Nxe5 11. Bxe5 Nd7 12. Bg3 Be7 13. e4 Nf6 14. Qxb6 axb6
15. exd5 exd5 16. O-O O-O 17. Rfe1 Rfe8 18. a3 Bf8 19. Bc7 Nd7 20. c4 dxc4 21.
Nxc4 b5 22. Nd6 Bxd6 23. Bxd6 Nb6 24. Bf4 Bd3 25. Re3 Rxe3 26. fxe3 b4 27. Re1
bxa3 28. bxa3 Rxa3 29. e4 Ra4 30. Rd1 Bb5 31. d5 Nd7 32. Bc7 f6 33. e5 cxd5 34.
Bxd5+ Kf8 35. e6 Ne5 36. Bd6+ Ke8 37. Bxb7 Ra7 38. Be4 Ra6 39. h4 Bc4 40. e7
Bf7 41. Bb4 Nd7 42. Bf5 Ra7 43. Rc1 Ra8 44. Be4 Rb8 45. Bd6 Be6 46. Bg6+ Bf7
47. Bxf7+ Kxf7 48. Bxb8 Nxb8 49. e8=Q+ 1-0

[Event "15th 4NCL Congress"]
[Site "Doncaster"]
[Date "2017.09.10"]
[Round "5.16"]
[White "Garnett, John S"]
[Black "Coleman, David J"]
[Result "0-1"]
[WhiteElo "2005"]
[BlackElo "2135"]
[PlyCount "94"]
[EventDate "2017.09.08"]

1. d4 Nf6 2. Bg5 e6 3. e4 h6 4. Bxf6 Qxf6 5. c3 d6 6. Bd3 Nc6 7. Ne2 Bd7 8. O-O
O-O-O 9. f4 g6 10. Nd2 Qg7 11. e5 Be7 12. b4 f6 13. Qa4 dxe5 14. b5 exd4 15.
bxc6 Bxc6 16. Qc2 dxc3 17. Qxc3 Qf8 18. Nb3 f5 19. Rac1 Bb4 20. Qc4 Qd6 21.
Rfd1 Bd5 22. Qc2 Qb6+ 23. Kh1 Rd6 24. Nbd4 Rhd8 25. Rb1 Qa5 26. Rdc1 c5 27. a3
Bxa3 28. Ra1 Kb8 29. Nb5 Bxg2+ 30. Kxg2 Rxd3 31. Nxa3 Rxa3 32. Rxa3 Qxa3 33.
Rd1 Rxd1 34. Qxd1 Kc7 35. Qc2 Qe3 36. Ng3 g5 37. fxg5 hxg5 38. Qb2 g4 39. Qg7+
Kc6 40. Qg8 f4 41. Qc8+ Kb6 42. Qd8+ Ka6 43. Nf1 Qe2+ 44. Kg1 f3 45. Qd6+ b6
46. Qg3 c4 47. Qxg4 f2+ 0-1

[Event "15th 4NCL Congress"]
[Site "Doncaster"]
[Date "2017.09.10"]
[Round "5.17"]
[White "Hilton, Tim"]
[Black "Boswell, Jacob Connor"]
[Result "0-1"]
[WhiteElo "1839"]
[BlackElo "1914"]
[PlyCount "56"]
[EventDate "2017.09.08"]

1. d4 f5 2. h3 Nf6 3. g4 d5 4. g5 Ne4 5. Bg2 c5 6. Nf3 Nc6 7. c3 Qb6 8. Na3
cxd4 9. cxd4 e5 10. Nc2 exd4 11. Ncxd4 Bb4+ 12. Kf1 Bc5 13. e3 f4 14. Nxc6 bxc6
15. Ne5 Ba6+ 16. Kg1 fxe3 17. Qh5+ g6 18. Nxg6 exf2+ 19. Kh2 O-O-O 20. Qg4+ Kb7
21. Nxh8 Bd6+ 22. Bf4 Qc7 23. Bxe4 Bxf4+ 24. Kg2 dxe4 25. Rad1 Rxd1 26. Rxd1 e3
27. Nf7 e2 28. Nd8+ Ka8 0-1

[Event "15th 4NCL Congress"]
[Site "Doncaster"]
[Date "2017.09.10"]
[Round "5.18"]
[White "Somton, Anita"]
[Black "Truman, Richard G"]
[Result "1/2-1/2"]
[WhiteElo "1705"]
[BlackElo "1932"]
[PlyCount "31"]
[EventDate "2017.09.08"]

1. d4 Nf6 2. c4 g6 3. Nc3 d5 4. Bg5 Ne4 5. Bf4 Nxc3 6. bxc3 Bg7 7. Nf3 O-O 8.
e3 c5 9. cxd5 cxd4 10. cxd4 Qxd5 11. Be2 Qa5+ 12. Qd2 Qxd2+ 13. Kxd2 Nc6 14.
Rhc1 Bf5 15. Ke1 Nb4 16. Kd2 1/2-1/2

[Event "15th 4NCL Congress"]
[Site "Doncaster"]
[Date "2017.09.10"]
[Round "5.19"]
[White "Munshi, Aditya"]
[Black "Towers, Brian"]
[Result "1-0"]
[WhiteElo "1901"]
[BlackElo "1805"]
[PlyCount "69"]
[EventDate "2017.09.08"]

1. Nf3 d6 2. d4 Bg4 3. Nbd2 Nd7 4. h3 Bxf3 5. Nxf3 f5 6. Ng5 e5 7. Ne6 Qc8 8.
b3 Ngf6 9. dxe5 Nxe5 10. Nxf8 Rxf8 11. Bb2 Qe6 12. e3 O-O-O 13. Be2 g5 14. Qd4
Kb8 15. O-O-O Ne4 16. Rhf1 Nc6 17. Qa4 f4 18. Bg4 Qe7 19. Rde1 Nc5 20. Qb5 a6
21. Qe2 Qf7 22. Bh5 Qd7 23. exf4 Rxf4 24. g3 Re4 25. Qd2 h6 26. Rxe4 Nxe4 27.
Qe2 d5 28. Bg4 Qe7 29. Re1 Qf7 30. Bf3 Rf8 31. Bxe4 dxe4 32. Rf1 Re8 33. Qe3
Qf3 34. Re1 Nb4 35. Qxf3 1-0

[Event "15th 4NCL Congress"]
[Site "Doncaster"]
[Date "2017.09.10"]
[Round "5.20"]
[White "Sheppard, Derek A"]
[Black "Hymer, Barry J"]
[Result "0-1"]
[WhiteElo "1817"]
[BlackElo "1683"]
[PlyCount "88"]
[EventDate "2017.09.08"]

1. d4 g6 2. Nf3 Bg7 3. Bf4 d6 4. e4 Nd7 5. c3 e5 6. Bg5 Ngf6 7. Be2 h6 8. Bxf6
Qxf6 9. O-O O-O 10. dxe5 dxe5 11. Nbd2 Nc5 12. Qc2 Bd7 13. b4 Ba4 14. Qb2 Ne6
15. Nb3 Nf4 16. Bc4 Bc6 17. Rfe1 b6 18. Nbd2 Rad8 19. Qc2 g5 20. g3 g4 21. gxf4
gxf3 22. Nxf3 Qg6+ 23. Kh1 Kh8 24. Nxe5 Bxe5 25. fxe5 Qg5 26. Bd3 Qxe5 27. f3
Qf4 28. Qe2 Rd6 29. Rad1 Rfd8 30. Qf1 Ba4 31. e5 Bxd1 32. Rxd1 Qxe5 33. Re1
Qxc3 34. Be4 Qxe1 35. Qxe1 Rd1 36. Qxd1 Rxd1+ 37. Kg2 Rd2+ 38. Kg3 Rxa2 39. Bd5
Rb2 40. Bxf7 Rxb4 41. f4 Kg7 42. Bh5 Kf6 43. Kg4 a5 44. Be8 a4 0-1

[Event "15th 4NCL Congress"]
[Site "Doncaster"]
[Date "2017.09.08"]
[Round "1.1"]
[White "Adair, James R"]
[Black "Head, Louise"]
[Result "1-0"]
[WhiteElo "2485"]
[BlackElo "2060"]
[PlyCount "63"]
[EventDate "2017.09.08"]

1. e4 c6 2. d4 d5 3. e5 c5 4. dxc5 e6 5. a3 Bxc5 6. b4 Bb6 7. Qg4 Ne7 8. Qxg7
Rg8 9. Qxh7 Bd4 10. Ra2 Bxe5 11. Nf3 Qc7 12. c4 dxc4 13. Bxc4 Qxc4 14. Rc2 Qg4
15. Nxe5 Qxg2 16. Qxf7+ Kd8 17. Qf3 Nbc6 18. Bg5 Qxf3 19. Nxf3 e5 20. Rc5 e4
21. Ne5 Bh3 22. Nxc6+ bxc6 23. Re5 Rg7 24. Nc3 Kd7 25. Nxe4 Ng6 26. Nc5+ Kd6
27. Re3 Bf5 28. h4 a5 29. Rf3 Ke5 30. Kd2 axb4 31. Re1+ Kd4 32. Rxf5 1-0

[Event "15th 4NCL Congress"]
[Site "Doncaster"]
[Date "2017.09.08"]
[Round "1.2"]
[White "Prior, Stephen Cv"]
[Black "Hebden, Mark L"]
[Result "0-1"]
[WhiteElo "2060"]
[BlackElo "2477"]
[PlyCount "112"]
[EventDate "2017.09.08"]

1. d4 Nf6 2. Bf4 d6 3. e3 g6 4. Nf3 Bg7 5. Be2 O-O 6. O-O c5 7. c3 Be6 8. h3
Qb6 9. b3 Nc6 10. Bh2 cxd4 11. exd4 Rac8 12. Nbd2 d5 13. Bd3 Bf5 14. Bxf5 gxf5
15. Nh4 e6 16. Bf4 Ne4 17. Nxe4 fxe4 18. Bd6 Rfd8 19. Bc5 Qc7 20. g3 f5 21. Ng2
Ne5 22. dxe5 Qxc5 23. Nf4 Re8 24. Qd4 b6 25. Rac1 Qc7 26. Nh5 Bxe5 27. Nf6+
Bxf6 28. Qxf6 Qg7 29. Qxg7+ Kxg7 30. Rfd1 Rc7 31. c4 Rec8 32. Rb1 dxc4 33. bxc4
Kf6 34. Rb4 h5 35. Rc1 h4 36. gxh4 Rh8 37. Rb3 Rxh4 38. Kh2 f4 39. Rbc3 f3 40.
Rg1 Kf5 41. Rg8 Kf4 42. Rf8+ Ke5 43. Rg8 Rch7 44. Rg3 Kd4 45. Rc1 R7h5 46. Rc2
Rh8 47. a4 R8h5 48. Rc1 Kd3 49. a5 Rxa5 50. Rg7 e3 51. Rd7+ Ke4 52. fxe3 Rh8
53. Rcd1 Ra2+ 54. R1d2 Rxd2+ 55. Rxd2 Kxe3 56. Ra2 e5 0-1

[Event "15th 4NCL Congress"]
[Site "Doncaster"]
[Date "2017.09.08"]
[Round "1.3"]
[White "Wells, Peter K"]
[Black "Dunn, Alan M"]
[Result "1-0"]
[WhiteElo "2433"]
[BlackElo "2038"]
[PlyCount "77"]
[EventDate "2017.09.08"]

1. d4 Nf6 2. Bg5 e6 3. e4 h6 4. Bxf6 Qxf6 5. c3 d6 6. Bd3 Nc6 7. Ne2 Bd7 8. O-O
O-O-O 9. f4 h5 10. a4 h4 11. a5 g5 12. a6 b6 13. d5 Ne7 14. dxe6 fxe6 15. f5 e5
16. c4 g4 17. Nbc3 Bh6 18. Nd5 Nxd5 19. cxd5 Kb8 20. Nc3 Rc8 21. Bb5 Qf7 22.
Qxg4 Rcg8 23. Qe2 Bc8 24. Kh1 Bf4 25. Rf3 Rg5 26. Na2 Rhg8 27. Rg1 Qh7 28. Rh3
Qh6 29. Nb4 Rg4 30. Nc6+ Ka8 31. Ne7 Qf8 32. Nxc8 Qxc8 33. Qc2 Kb8 34. Qa4 R8g7
35. Be8 Re7 36. Bh5 Rg5 37. f6 Rh7 38. Be8 Qxh3 39. gxh3 1-0

[Event "15th 4NCL Congress"]
[Site "Doncaster"]
[Date "2017.09.08"]
[Round "1.5"]
[White "Fernandez, Michael H"]
[Black "Garnett, John S"]
[Result "1/2-1/2"]
[WhiteElo "2236"]
[BlackElo "2005"]
[PlyCount "65"]
[EventDate "2017.09.08"]

1. e4 c6 2. d4 d5 3. f3 dxe4 4. fxe4 e5 5. Nf3 Be6 6. dxe5 Nd7 7. c3 Qc7 8. Bf4
O-O-O 9. Qc2 Ne7 10. Bg3 Ng6 11. Ng5 Ndxe5 12. Nxe6 fxe6 13. Nd2 Bd6 14. O-O-O
Ng4 15. Qb3 Bxg3 16. Qxe6+ Qd7 17. Qxd7+ Rxd7 18. hxg3 Nf2 19. Bc4 Re7 20. Rh5
Nxd1 21. Kxd1 Ne5 22. Be2 h6 23. Nf3 Rd8+ 24. Kc1 Ng4 25. Nd2 Nf6 26. Rh4 g5
27. Rxh6 Nxe4 28. Nxe4 Rxe4 29. Bf3 Re1+ 30. Kc2 Rf1 31. b4 Kc7 32. Rg6 Rf2+
33. Kb3 1/2-1/2

[Event "15th 4NCL Congress"]
[Site "Doncaster"]
[Date "2017.09.08"]
[Round "1.6"]
[White "Jarmany, John"]
[Black "Ackley, Peter Je"]
[Result "0-1"]
[WhiteElo "2119"]
[BlackElo "1984"]
[PlyCount "98"]
[EventDate "2017.09.08"]

1. d4 g6 2. c4 Bg7 3. Nc3 d6 4. e4 e5 5. d5 a5 6. Nge2 Na6 7. Ng3 h5 8. Be2 h4
9. Nf1 f5 10. exf5 gxf5 11. f4 Nf6 12. fxe5 dxe5 13. Bg5 Nc5 14. Ne3 Bh6 15.
Bxh6 Rxh6 16. Rf1 f4 17. Ng4 Bxg4 18. Bxg4 e4 19. Qe2 Qe7 20. O-O-O Qe5 21. Kb1
Ra6 22. Bh3 e3 23. Rde1 Kf7 24. Qc2 Nfe4 25. Nxe4 Qxe4 26. Bf5 Qxc2+ 27. Kxc2
Kf6 28. Bd3 Nxd3 29. Kxd3 Rg6 30. Re2 Ke5 31. b3 Rad6 32. Kc3 c6 33. a3 cxd5
34. c5 Rc6 35. b4 b6 36. g3 axb4+ 37. axb4 hxg3 38. hxg3 Rxg3 39. Rh1 bxc5 40.
bxc5 Rxc5+ 41. Kd3 Rg5 42. Rh8 Rc6 43. Ra2 Re6 44. Ra5 Rf5 45. Rd8 Kf6 46. Rh8
f3 47. Rh6+ Ke5 48. Rh3 f2 49. Rxe3+ Kf6 0-1

[Event "15th 4NCL Congress"]
[Site "Doncaster"]
[Date "2017.09.08"]
[Round "1.7"]
[White "Rita, Joao"]
[Black "Okhai, Shabir"]
[Result "0-1"]
[WhiteElo "1969"]
[BlackElo "2111"]
[PlyCount "100"]
[EventDate "2017.09.08"]

1. e4 e5 2. Nf3 Nc6 3. Bc4 Bc5 4. O-O d6 5. c3 Nf6 6. d4 exd4 7. cxd4 Bb6 8.
Qd3 h6 9. Nc3 Bg4 10. Be3 O-O 11. a3 Ne7 12. Ba2 c6 13. Nd2 d5 14. e5 Bf5 15.
Qe2 Ng4 16. b4 Ng6 17. h3 Nxe3 18. fxe3 Be6 19. Qh5 Qh4 20. Qxh4 Nxh4 21. Bb1
Ng6 22. Nb3 Nxe5 23. Nc5 Bxc5 24. bxc5 Nc4 25. Re1 b5 26. Bd3 Rfd8 27. Bxc4
bxc4 28. Rab1 Rab8 29. Rb4 Rxb4 30. axb4 Rb8 31. Rb1 Bf5 32. Rb2 a5 33. b5 cxb5
34. Rxb5 Rxb5 35. Nxb5 a4 36. Kf2 Kf8 37. Ke2 Bd3+ 38. Kd2 Bf1 39. e4 Bxg2 40.
exd5 Bxd5 41. Nc3 a3 42. Kc2 Be6 43. d5 Bxh3 44. c6 Bf5+ 45. Kc1 h5 46. d6 Ke8
47. Nd5 h4 48. Nf4 c3 49. Nh5 a2 50. Nxg7+ Kd8 0-1

[Event "15th 4NCL Congress"]
[Site "Doncaster"]
[Date "2017.09.08"]
[Round "1.8"]
[White "Shaw, Peter"]
[Black "Truman, Richard G"]
[Result "1/2-1/2"]
[WhiteElo "2111"]
[BlackElo "1932"]
[PlyCount "80"]
[EventDate "2017.09.08"]

1. d4 Nf6 2. c4 e6 3. Nf3 b6 4. Bf4 Bb7 5. e3 Bb4+ 6. Nbd2 Ne4 7. Bd3 f5 8. O-O
O-O 9. h3 Be7 10. Qc2 Nxd2 11. Nxd2 d6 12. Bg3 Nd7 13. b4 g6 14. f3 c5 15. bxc5
bxc5 16. Rab1 Qc7 17. Nb3 Rab8 18. Qd2 e5 19. d5 Nf6 20. e4 f4 21. Bf2 Bc8 22.
Rb2 Bd7 23. Rfb1 Nh5 24. Be1 Rfc8 25. Qa5 Qd8 26. Qxd8+ Bxd8 27. Na5 Rb6 28.
Nb7 Bc7 29. Ba5 Ra6 30. Bxc7 Rxc7 31. Bc2 Kf8 32. a4 Ke7 33. a5 Nf6 34. Kf2 g5
35. Ke2 h5 36. Kf2 Rc8 37. Rb5 Rc7 38. R5b2 Rc8 39. Rb5 Rc7 40. R5b2 Rc8
1/2-1/2

[Event "15th 4NCL Congress"]
[Site "Doncaster"]
[Date "2017.09.08"]
[Round "1.9"]
[White "Towers, Brian"]
[Black "Murphy, Hugh W"]
[Result "0-1"]
[WhiteElo "1805"]
[BlackElo "2109"]
[PlyCount "74"]
[EventDate "2017.09.08"]

1. d4 d5 2. Bf4 Nf6 3. e3 c5 4. c3 Nc6 5. Nd2 e6 6. Ngf3 Bd6 7. Bg3 O-O 8. Bd3
b6 9. e4 Be7 10. e5 Nh5 11. Ng5 Bxg5 12. Qxh5 g6 13. Qe2 cxd4 14. f4 Be7 15.
Nf3 dxc3 16. bxc3 Bc5 17. Bf2 Bxf2+ 18. Qxf2 Qe7 19. Rb1 Qc5 20. Qd2 a6 21. g4
f6 22. f5 fxe5 23. Nh4 exf5 24. gxf5 Qe7 25. Qh6 e4 26. Be2 Bxf5 27. Rxb6 Ne5
28. Ng2 Qc5 29. Qe3 Rfc8 30. Rb3 Bg4 31. Rf1 Bxe2 32. Kxe2 Qc4+ 33. Ke1 Rf8 34.
Qe2 Rxf1+ 35. Qxf1 Nf3+ 36. Kf2 Qxf1+ 37. Kxf1 Nd2+ 0-1

[Event "15th 4NCL Congress"]
[Site "Doncaster"]
[Date "2017.09.08"]
[Round "1.10"]
[White "Surtees, Mike J"]
[Black "Ilett, Raymond J"]
[Result "1-0"]
[WhiteElo "2107"]
[BlackElo "1876"]
[PlyCount "75"]
[EventDate "2017.09.08"]

1. e4 d5 2. exd5 Nf6 3. d4 Nxd5 4. c4 Nb6 5. Nf3 g6 6. Nc3 Bg7 7. c5 Nd5 8. Bc4
Nxc3 9. bxc3 O-O 10. O-O Nc6 11. Bf4 Bf5 12. Re1 b6 13. Qa4 Na5 14. Bf1 c6 15.
Qb4 Re8 16. h3 h5 17. Rad1 e6 18. c4 Bf8 19. Bd6 Nb7 20. Bxf8 Rxf8 21. Ne5 Qc7
22. g4 hxg4 23. hxg4 f6 24. gxf5 fxe5 25. fxe6 Rf5 26. d5 Rg5+ 27. Bg2 Qh7 28.
Qd2 Qh4 29. f4 exf4 30. Rf1 Rg4 31. d6 Nxc5 32. Qe2 f3 33. Rxf3 Re4 34. Re3 Rg4
35. e7 Kh7 36. e8=Q Rxe8 37. Rxe8 Ne4 38. Rxe4 1-0